CUNNINGGHAMS MANUAL OF PRACTICAL ANATOMY (Record no. 215607)

MARC details
000 -LEADER
fixed length control field 00440nam a22001697a 4500
008 - FIXED-LENGTH DATA ELEMENTS--GENERAL INFORMATION
fixed length control field 250605b |||||||| |||| 00| 0 eng d
020 ## - INTERNATIONAL STANDARD BOOK NUMBER
International Standard Book Number 978-0-19-874937-0
050 ## - LIBRARY OF CONGRESS CALL NUMBER
Classification number QM 34.2.K67.2017 V.2
100 ## - MAIN ENTRY--PERSONAL NAME
Personal name KOSHI RACHEL
245 ## - TITLE STATEMENT
Title CUNNINGGHAMS MANUAL OF PRACTICAL ANATOMY
260 ## - PUBLICATION, DISTRIBUTION, ETC.
Place of publication, distribution, etc. INDIA
Name of publisher, distributor, etc. OXFORD PRESS
300 ## - PHYSICAL DESCRIPTION
Extent 1X,328P.
500 ## - GENERAL NOTE
General note INCLUDES AN INDEX
650 ## - SUBJECT ADDED ENTRY
Topical term or geographic name entry element ANATOMY
942 ## - ADDED ENTRY ELEMENTS (KOHA)
Source of classification or shelving scheme Library of Congress Classification
Koha item type Long Loan Book
Holdings
Withdrawn status Lost status Source of classification or shelving scheme Damaged status Not for loan Collection Home library Current library Shelving location Date acquired Inventory number Total checkouts Barcode Date last seen Date last checked out Copy number Price effective from Koha item type
    Library of Congress Classification     Medicine Kisii University Library Kisii University Library On Display 06/05/2025 094666 2 042041 03/14/2026 02/28/2026 C.5 06/05/2025 Long Loan Book